| 000 -LEADER |
| fixed length control field |
01776cam a2200373 a 4500 |
| 001 - CONTROL NUMBER |
| control field |
13120795 |
| 005 - DATE AND TIME OF LATEST TRANSACTION |
| control field |
20170204091542.0 |
| 008 - FIXED-LENGTH DATA ELEMENTS--GENERAL INFORMATION |
| fixed length control field |
030312s2000 nyua bc 101 0 eng d |
| 010 ## - LIBRARY OF CONGRESS CONTROL NUMBER |
| LC control number |
00107299 |
| 020 ## - INTERNATIONAL STANDARD BOOK NUMBER |
| International Standard Book Number |
0914407228 |
| 035 ## - SYSTEM CONTROL NUMBER |
| System control number |
(OCoLC)ocm45568256 |
| 040 ## - CATALOGING SOURCE |
| Original cataloging agency |
YDM |
| Transcribing agency |
YDM |
| Modifying agency |
DLC |
| 042 ## - AUTHENTICATION CODE |
| Authentication code |
lccopycat |
| 043 ## - GEOGRAPHIC AREA CODE |
| Geographic area code |
n-us--- |
| 050 00 - LIBRARY OF CONGRESS CALL NUMBER |
| Classification number |
NK4008 |
| Item number |
.C468 2000 |
| 111 2# - MAIN ENTRY--MEETING NAME |
| Meeting name or jurisdiction name as entry element |
Ceramic National Exhibition |
| Number of part/section/meeting |
(30th : |
| Date of meeting |
2000 : |
| Location of meeting |
Everson Museum of Art) |
| 245 10 - TITLE STATEMENT |
| Title |
Everson Ceramic National 2000 : |
| Remainder of title |
the 30th Ceramic National Exhibition / |
| Statement of responsibility, etc. |
organized by Thomas Piché, Jr. ; with essays by Thomas Piché, Jr. and Justin Clemens. |
| 246 30 - VARYING FORM OF TITLE |
| Title proper/short title |
30th Ceramic National Exhibition |
| 260 ## - PUBLICATION, DISTRIBUTION, ETC. (IMPRINT) |
| Place of publication, distribution, etc. |
Syracuse, N.Y. : |
| Name of publisher, distributor, etc. |
Everson Museum of Art, |
| Date of publication, distribution, etc. |
c2000. |
| 300 ## - PHYSICAL DESCRIPTION |
| Extent |
107 p. : |
| Other physical details |
col. ill. ; |
| Dimensions |
27 cm. |
| 500 ## - GENERAL NOTE |
| General note |
Publication prepared on the occasion of the exhibition. |
| 500 ## - GENERAL NOTE |
| General note |
Exhibition itinerary: Everson Museum of Art, Syracuse, N.Y., Oct. 6, 2000-Feb. 4, 2001; Samuel P. Harn Museum, Gainesville, Florida, May 27-Aug. 12, 2001; Chicago Cultural Center, Jan. 12-Mar. 17, 2002. |
| 504 ## - BIBLIOGRAPHY, ETC. NOTE |
| Bibliography, etc |
Includes bibliographical references and index. |
| 650 #0 - SUBJECT ADDED ENTRY--TOPICAL TERM |
| Topical term or geographic name as entry element |
Art pottery, American |
| Chronological subdivision |
20th century |
| Form subdivision |
Exhibitions. |
| 650 #0 - SUBJECT ADDED ENTRY--TOPICAL TERM |
| Topical term or geographic name as entry element |
Ceramic sculpture, American |
| Chronological subdivision |
20th century |
| Form subdivision |
Exhibitions. |
| 700 1# - ADDED ENTRY--PERSONAL NAME |
| Personal name |
Piché, Thomas. |
| 700 1# - ADDED ENTRY--PERSONAL NAME |
| Personal name |
Clemens, Justin. |
| 710 2# - ADDED ENTRY--CORPORATE NAME |
| Corporate name or jurisdiction name as entry element |
Everson Museum of Art. |
| 710 2# - ADDED ENTRY--CORPORATE NAME |
| Corporate name or jurisdiction name as entry element |
Samuel P. Harn Museum of Art. |
| 710 2# - ADDED ENTRY--CORPORATE NAME |
| Corporate name or jurisdiction name as entry element |
Chicago Cultural Center. |
| 942 ## - ADDED ENTRY ELEMENTS (KOHA) |
| Source of classification or shelving scheme |
|
| Koha item type |
Hard Covered Materials |
| Classification part |
NK4008 .C468 2000 |